| 000 | 01721nam a2200433 i 4500 | ||
|---|---|---|---|
| 001 | 49941 | ||
| 003 | FINmELB | ||
| 005 | 20241216232201.0 | ||
| 006 | m o d | | ||
| 007 | cr cnu|||||||| | ||
| 008 | 210520s2007 sp a o 000 0 spa d | ||
| 020 | _z9789709505009 | ||
| 035 | _a(OCoLC)1252203562 | ||
| 040 |
_aFINmELB _bspa _erda _cFINmELB |
||
| 050 | 4 |
_aHM881 _b.E888 2007 |
|
| 080 | _a364-787.86 | ||
| 082 | 0 | 4 |
_a303.484 _223 |
| 245 | 0 | 0 |
_aEstudios históricos en torno a las movilizaciones populares / _cMartha Ortega, Blanca García, Federico Lazarín, coordinadores. |
| 264 | 1 |
_aMéxico : _bUAM, Unidad Iztapalapa, División Ciencias Sociales y Humanidades, _c2007. |
|
| 300 |
_a1 recurso en línea (271 páginas) : _bilustraciones |
||
| 336 |
_atexto _btxt _2rdacontent/spa |
||
| 337 |
_acomputadora _bc _2rdamedia/spa |
||
| 338 |
_arecurso en línea _bcr _2rdacarrier/spa |
||
| 588 | _aDescripción basada en metadatos suministrados por el editor y otras fuentes. | ||
| 590 | _aRecurso electrónico. Santa Fe, Arg.: elibro, 2021. Disponible vía World Wide Web. El acceso puede estar limitado para las bibliotecas afiliadas a elibro. | ||
| 650 | 0 |
_aSocial movements _xHistory. |
|
| 650 | 0 |
_aProtest movements _xHistory. |
|
| 650 | 4 |
_aMovimientos sociales _xHistoria. |
|
| 650 | 4 |
_aMovimientos de protesta _xHistoria. |
|
| 655 | 4 | _aLibros electrónicos. | |
| 700 | 1 |
_aOrtega, Martha, _eeditor. |
|
| 700 | 1 |
_aGarcía, Blanca, _eeditor. |
|
| 700 | 1 |
_aLazarín, Federico, _eeditor. |
|
| 797 | 2 | _aelibro, Corp. | |
| 856 | 4 | 0 | _uhttps://elibro.net/ereader/politecnicointernacional/128386 |
| 999 |
_c49941 _d49941 |
||